000 00859nam a22001937a 4500
003 OSt
005 20251224163002.0
008 251222b |||||||| |||| 00| 0 eng d
040 _cDCL
082 _a၂၉၄.၃၃၆၈
100 0 _aဝဏ္ဏသီရိ။
245 1 0 _aရဟန္တာကိုးကျိပ်တို့၏ အောင်တံခွန် (မဓုရရသဝါဟိနီ သီဟဠဝတ္ထု) /
_cတဏ္ဏသီရိ။
260 _aရန်ကုန် ၊
_bယုံကြည်ချက်စာပေ၊
_c၂၀၁၀။
300 _a၃၁၇ စာမျက်နှာ ၊
_c၂၁ စင်တီ။
650 _aဗုဒ္ဓဇာတ်ဝတ္ထု
650 _aကုသိုလ်
650 _aအကုသိုလ်
942 _2ddc
_cSHORT TERM
_n0
999 _c2781
_d2781